000 00973aam a2200325 i 4500
001 768714001
003 CO-MdFUSB
005 20251024110450.0
007 ta
008 251024t1997 spa |||| |||| 00| 0 spa d
020 _a0-85151-725-0
040 _cCO-MdFUSB
041 0 _aspa
082 0 4 _223
_a252
_bS7723m
100 1 _aSpurgeon, C. H. (Charles Haddon) (1834-1892)
_eautor
245 1 0 _aNo hay otro evangelio
_c/ C. H. Spurgeon ; traducido por Jerónimo Orellana , Manuel Gómez
250 _asegunda edición
264 1 _bEl Estandarte de la Verdad,
_aGran Bretaña, Inglaterra :
_c[1997]
264 4 _c©1997
300 _a478 páginas
336 _atexto
_btxt
_2rdacontent
337 _2rdamedia
_asin mediación
_bn
338 _2rdacarrier
_avolumen
_bnc
563 _aRústico
650 7 _aSermones
_9283
700 _aOrellana, Jerónimo,
_91331
_etraductor
700 _aGómez, Manuel,
_912014
_etraductor
942 _cBK
945 _aJTF-925
999 _c36499
_d36499